Acteurs par lettre : B - Statistiques

Statistiques générales
  • Ce quiz a été pris 113 fois
  • Le résultat moyen est 9 sur 15
Statistiques - réponses
Films/ Séries Années Acteurs % Correct
Bienvenue chez les ch'tis / Radin 1966- Danny Boon
97%
La Grande Vadrouille / Le Corniaud 1917-1970 Bourvil
91%
Les Trois Frères / Le Pari 1959- Didier Bourdon
84%
Le Jaguar / Le Prénom 1959- Patrick Bruel
84%
Les Bronzés font du ski / Marche à l'ombre 1952-2024 Michel Blanc
80%
Le Professionnel / Le Marginal 1933-2022 Jean-Paul Belmondo
79%
Les Bronzés font du ski / Gazon Maudit 1950- Josiane Balasko
64%
American Psycho / The Dark Knight 1974- Christian Bale
61%
Pirates des Caraïbes / Troie 1977- Orlando Bloom
56%
Le Masque de Zorro / Desperado 1960- Antonio Banderas
54%
Le Parrain / Apocalypse Now 1924-2004 Marlon Brando
51%
Et Dieu ... créa la femme / La Vérité 1934- Brigitte Bardot
46%
Les Tontons Flingueurs / Buffet Froid 1916-1989 Bernard Blier
41%
The Baldwins / Baby Boss 1958- Alec Baldwin
30%
La Riffa / La Passion du Christ 1964- Monica Bellucci
10%
Aucun quiz correspondant
Distribution des résultats
% des personnes avec chaque résultat
Percentile par nombre de réponses
Votre historique - résultats
Vous n’avez pas pris ce quiz